Topology and its applications : proceedings of the International Topology Conference, Baku, October 3-8, 1987
Αποθηκεύτηκε σε:
| Συλλογικό Έργο: | , |
|---|---|
| Άλλοι συγγραφείς: | |
| Μορφή: | Πρακτικό Συνεδρίου Βιβλίο |
| Γλώσσα: | English Russian |
| Δημοσίευση: |
Providence, R.I., USA :
American Mathematical Society,
1992.
|
| Σειρά: | Proceedings of the Steklov Institute of Mathematics
; 193 |
| Θέματα: | |
| Ετικέτες: |
Προσθήκη ετικέτας
Δεν υπάρχουν, Καταχωρήστε ετικέτα πρώτοι!
|
MARC
| LEADER | 00000cam a2200000 i 4500 | ||
|---|---|---|---|
| 001 | 1/39970 | ||
| 008 | 971111s1992####us | ||| |||| ||eng|| | ||
| 020 | |a 0821831518 | ||
| 035 | |a 1994 |c ΧΑΡΑΛΑΜΠΟΥΣ |l 10041139 | ||
| 040 | |a GR-MyUA |b gre |e AACR2 | ||
| 041 | 0 | |a eng |h rus | |
| 082 | 0 | |a 514 | |
| 111 | 0 | |a International Topological Conference |d (1987 |c Baku, Azerbaijan. | |
| 245 | 1 | 0 | |a Topology and its applications : |b proceedings of the International Topology Conference, Baku, October 3-8, 1987 / |c edited by S.P. Novikov. |
| 260 | |a Providence, R.I., USA : |b American Mathematical Society, |c 1992. | ||
| 300 | |a ix, 250 σ. ; |c 26 εκ. | ||
| 490 | 1 | |a Proceedings of the Steklov Institute of Mathematics |v ; 193 | |
| 504 | |a Περιέχει βιβλιογραφικές αναφορές. | ||
| 650 | 0 | 0 | |a Topology |x Congresses. |
| 700 | 1 | |a Novikov, Sergei Petrovich, |e edt | |
| 710 | 2 | |a American Mathematical Society. | |
| 852 | |a INST |b SAMOS |e 19971111 |h 514 INT |p 005300008561 |q 005300008561 |t BK |y 0 | ||
| 901 | |a BIBL-1997-1 | ||
| 909 | |a Σ |b 050999 | ||